000 01102nam0a2200289 4500
001 RU\NLR\bibl\1506058
005 20260406131426.0
010 _a978-5-9951-0652-4
_930000
021 _aRU
_b2010-17956
_91204
021 _aRU
_b2013-7480
_9538
035 _a(NLR Aleph) 001497480
090 _a1788280
_c1788280
100 _a20100428d2010 |||y0rusy50 ca
101 0 _arus
102 _aRU
105 _aa |||||||||
200 1 _aПогремушка
_e[стихи
_eдля чтения взрослыми детям]
_fАгния Барто
_g[худож. Н. Субочева]
210 _aМосква
_cСтрекоза
_d2010
215 _a[10] с.
_cцв. ил.
_d21
225 1 _aЧитаем малышам
700 1 _4070
_7ca
_8rus
_aБарто
_bА. Л.
_f1906-1981
_gАгния Львовна
_9111548
_3RU\NLR\auth\771526
702 1 _4440
_7ca
_8rus
_aСубочева
_bН. С.
_cиллюстратор
_gНаталия Станиславовна
_967326
_3RU\NLR\auth\7784398
801 0 _aRU
_bNLR
_c20100428
_gRCR
801 1 _aRU
_bNLR
_c20100428
942 _cBOOK
980 _aNB